Geometrie

Saved in:
Bibliographic Details
Main Author: Felix, Lucienne
Format: Book
Language:English
Published: Paris : Dunod, 1964
Series:Cours de mathematiques pour l'enseignement des premier et second degres
Subjects:
Tags: Add Tag
No Tags, Be the first to tag this record!

MARC

LEADER 00000cam a2200000 i 4500
001 1/13543
008 110607s1964 eng d
035 |l 10110241 
040 |a GR-MY-UA  |b gre  |e aacr 
041 0 |a eng 
082 0 |a 516  |2 (22) 
100 1 |a Felix, Lucienne. 
245 1 0 |a Geometrie /  |c par Lucienne Felix 
260 |a Paris :   |b Dunod,   |c 1964 
300 |a ix, 150 σ.;  |b εικ.;  |c 27 εκ. 
490 1 |a Cours de mathematiques pour l'enseignement des premier et second degres 
500 |a Classes de 4e et 3e 
504 |a Περιέχει ευρετήριο 
650 0 0 |a Geometry. 
830 0 |a Cours de mathematiques pour l'enseignement des premier et second degres 
852 |a INST  |b SAMOS  |c MAG  |e 20110607  |h 516 FEL  |p 005300032655  |q 005300032655  |t BK  |y 0 
901 |a BIBL3-2011-2 
909 |a Σ  |b 167207 
970 |a ΚΟΣΙΕΡΗΣ  |b ΧΡΗΣΤΟΣ  |z 2011/06/07